| 000 | 01263cam a22003137a 4500 | ||
|---|---|---|---|
| 003 | CHAP | ||
| 005 | 20220329133016.0 | ||
| 008 | 971013s1986 r 00010 d | ||
| 010 | _a1231 | ||
| 011 | _a2203 | ||
| 035 | _a1394 | ||
| 040 | _cCHAP | ||
| 082 |
_a636.0891 _bN4Y 1984 |
||
| 100 | 0 | 0 |
_aNickel, Richard. _981171 |
| 245 | 1 | 4 | _aThe anatomy of the domestic animals |
| 260 |
_aBerlin : _bSpringer-Verlag, _c1986 |
||
| 300 |
_a5 v. _b: ilus. |
||
| 500 | _aLa biblioteca tiene : v.1 | ||
| 500 | _aTrad. de : Lebrbuch der anatomie der Haustiere, 5 ed. de 1984 | ||
| 505 | _aContenido : V.1 The locomotor system of the domestic mammals.-v.2 The viscera of the domestic mammal.-v.3 The circulatory system, the skin and the cutaneous organs of the domestic mammals.-v.4 The nervous system, the endocrine glands and the sensory org | ||
| 590 |
_aBATCH-UPD _b10 _c20130110 _lUCH01 _h0942 |
||
| 590 |
_aBATCH-UPD _b10 _c20130410 _lUCH01 _h0558 |
||
| 590 |
_aBATCH-UPD _b10 _c20130914 _lUCH01 _h0337 |
||
| 590 |
_aCONVERSION _b10 _c20130109 _lUCH01 _h1302 |
||
| 650 | 1 | 4 |
_aAnimales domésticos _xAnatomía y fisiología. _95892 |
| 901 | _aBK | ||
| 942 | _cLIBRO | ||
| 949 |
_a636.0891 N4y 1984 _bBC _cLIBRO _d33724000276077 _eLIBRO _fv.1 _gI. 153116 _h78809 _i1394 _si _t303.80 |
||
| 999 |
_c1231 _d1231 |
||